Nauč sa kresliť povolania : [nauč sa kresliť krok za krokom] /
Uložené v:
| Ďalší autori: | , |
|---|---|
| Médium: | Kniha |
| Jazyk: | Slovak English |
| Vydané: |
Bratislava :
Ikar,
2012.
|
| Vydanie: | 1. vyd. |
| Témy: | |
| ISBN: |
9788055131696 (brož.) |
| Fyzický popis: |
95 s. : il. ; 27 cm. |
| Tagy: |
Pridať tag
Žiadne tagy, Buďte prvý kto otaguje tento záznam!
|
Titul je dostupný aj v ... 

MARC
| LEADER | 00000nam a2200000 a 4500 | ||
|---|---|---|---|
| 001 | 000410097 | ||
| 005 | 20130423092654.0 | ||
| 008 | 121031s2012 xo a a 000 0 slo d | ||
| 020 | |a 9788055131696 (brož.) | ||
| 040 | |a SVKKK |b slo |c SVKKK |e AACR2 | ||
| 041 | 1 | |a slo |h eng | |
| 044 | |a xo |c SK | ||
| 072 | 7 | |a 74 |x Kresba. Umelecké remeslá |2 konspekt | |
| 072 | 7 | |a 0/9-053.2 |x Literatúra pre deti a mládež (náučná) |2 konspekt | |
| 080 | |a 741 |2 2001 | ||
| 080 | |a (0.053.2) |2 2001 | ||
| 080 | |a (082.21) |2 2001 | ||
| 100 | 1 | |a Curto, Rosa Mario |4 ill | |
| 240 | 1 | 0 | |a Drawing jobs people do. |l Slovensky |
| 245 | 1 | 0 | |a Nauč sa kresliť povolania : |b [nauč sa kresliť krok za krokom] / |c [author and illustrator: Rosa Mario Curto ; z anglického originálu preložila Barbora Černáková ]. |
| 250 | |a 1. vyd. | ||
| 260 | |a Bratislava : |b Ikar, |c 2012. | ||
| 300 | |a 95 s. : |b il. ; |c 27 cm. | ||
| 500 | |a Preklad z angl. orig. | ||
| 500 | |a Údaj o aut. a prekl. prevzatý z tiráže | ||
| 521 | 1 | |a Pre deti od 6 rokov | |
| 650 | 0 | 7 | |a kreslenie |2 SVKKKPH |
| 655 | 7 | |a publikácie pre deti |2 SVKKKPH | |
| 700 | 1 | |a Černáková, Božena |4 trl | |
| 765 | 0 | |t Drawing jobs people do. Slovensky |a Curto, Rosa Mario | |
| 910 | |a svkkk | ||
| 919 | |a 978-80-551-3169-6 | ||
| 998 | |a BK | ||
| 090 | |g SCKHL |k Sklad Hlavná 10 prízemie |a V.228925 |j 1041616 |i 2720272554 |s Absenčne | ||